Merveilles du Monde - Statistiques

Statistiques générales
  • Ce quiz a été pris 39 fois
  • Le résultat moyen est 8 sur 14
Statistiques - réponses
Par images Réponse % Correct
Taj Mahal
94%
Machu Picchu
85%
Grande Muraille de Chine
82%
Christ Rédempteur
64%
Colosse de Rhodes
61%
Colisée de Rome
58%
Jardins suspendus de Babylone
58%
Pétra
58%
Phare d'Alexandrie
55%
Pyramide de Gizeh
52%
Chichen Itza
36%
Statue de Zeus
30%
Mausolée d'Halicarnasse
24%
Temple d'Artemis
24%
Aucun quiz correspondant
Distribution des résultats
% des personnes avec chaque résultat
Percentile par nombre de réponses
Votre historique - résultats
Vous n’avez pas pris ce quiz